00422nam a22001457a 450000500170000000800410001702000140005804100120007208200120008410000120009624500610010826000510016930000310022065000250025120240925085817.0240925b |||||||| |||| 00| 0 eng d a409005908 aEnglish a348 SOU lEnglish aThe South African Encyclopaedia of Forms and Precedents  aDurban: bButterworth and Company Ltd, c1970  bxvii, 108 pages; c26 cm.  aLegal practice bLaw